| 000 | 00377 a2200169 4500 | ||
|---|---|---|---|
| 001 | 183458 | ||
| 020 | _a85-15-01963-2 | ||
| 040 | _cMagnum | ||
| 100 | _aBarbot, Daniel | ||
| 240 | 1 | 0 |
_aRosaura de bicicleta _lpor |
| 245 | 1 | 0 | _aRosaura de bicicleta |
| 300 | _a24 | ||
| 362 | 0 | _a1998 | |
| 440 | 1 | _aModerna | |
| 697 | _aLITERATURA INFANTO-JUVENIL ESTRANGEIRA | ||
| 942 | _cBK | ||
| 999 |
_c183458 _d183458 |
||